000 00646nam a2200277Ia 4500
005 20260324145614.0
008 008 260324s9999 xx 000 0 eng d
020 _a9780429458613
037 _aEBOOK
040 _aCRL
040 _beng
040 _cCRL
041 _2eng
041 _aeng
084 _qCRL
100 _aEndymion Porter Wilkinson
_91223556
245 0 _aStudies in Chinese Price History
260 _bTaylor and Francis
260 _c1980
365 _a
365 _b180
856 _uhttp://www.taylorfrancis.com/books/9780429458613
942 _cEBOOK
999 _c1831693
_d1831693